00938nam a2200193Ia 4500008004100000020001500041041001200056082001600068100001500084245007500099260004000174300000800214650001500222942000700237999001500244952016900259952015800428952015800586221030s9999 xx 000 0 und d a8125907661 aEnglish a105.23bGil aP. S. Gill 2aA Text Book of Engineering DrawingbGeometrical Drawingcby P. S. Gill bS.K Kataria & SonsaNew Delhic2000 a606 aMechanical cBK c4759d4759 pBE 894g135.00l0o105.23 Gilr2024-06-13 00:00:00w2022-10-30yBK003Print4070aMIETLIBbMIETLIBcBL-Academic Block C, FL-2, CUP-2, SH-6, R-6d2000-02-0210HBE pBE 896g135.00l0o105.23 Gilr2024-06-13 00:00:00w2022-10-30yBK003Print4070aMIETLIBbMIETLIBcBL-First, FL-1, CUP-2, SH-3, R-3d2000-02-0210HBE pBE 895g135.00l0o105.23 Gilr2022-10-30 00:00:00w2022-10-30yBK003Print4070aMIETLIBbMIETLIBcBL-First, FL-1, CUP-4, SH-3, R-3d2000-02-0210HBE